000 nam a22 a 4500
999 _c4523
_d4523
005 20170531091502.0
008 170531s2005 be ||||| |||| 00| 0 eng d
040 _aAKMAL
082 _a621.38928 WOR
090 _a321.38928
_bWOR
245 1 0 _aSecuring Trade Through Technology.
260 _a[Brussels, Belgium] :
_bWorld Customs Organization,
_c2005
300 _a2 v. (loose-leaf) ;
_c21cm x 30cm
500 _aExtracts from 2005 WCO Customs Conference & Forum Baku, Azerbaijan 19 -21 May 2005
650 1 0 _aCustoms Administration
_xLaw and legislation
_96000
650 2 0 _aTrade
_xLaw and legislation
_98700
710 2 _aWorld Customs Organization
_95917
942 _2ddc
_cBOOK
950 _lAKMAL